[Event "Fyn-ch"]
[Site "Odense"]
[Date "2010.02.04"]
[Round "3"]
[White "Veise, Svend"]
[Black "Johansen, Johnny Holler"]
[Result "1/2-1/2"]
[WhiteElo "1693"]
[BlackElo "1968"]
[PlyCount "120"]
[EventDate "2010.01.14"]
[EventType "swiss"]
[EventRounds "7"]
[EventCountry "DEN"]
[SourceTitle "EXT 2018"]
[Source "ChessBase"]
[SourceDate "2017.10.13"]
[SourceVersion "1"]
[SourceVersionDate "2017.10.13"]
[SourceQuality "1"]

1. d4 Nf6 2. Bf4 d6 3. e3 g6 4. Nf3 Bg7 5. h3 0-0 6. c3 c5 7. Bd3 Nc6 8. 0-0 a6 9. Re1 b5 10. Bc2 Bb7 11. Nbd2 b4 12. cxb4 cxd4 13. exd4 Nxb4 14. a3 Nxc2 15. Qxc2 Nd5 16. Be3 Qd7 17. Rac1 Nxe3 18. Rxe3 Rfc8 19. Rc3 Rxc3 20. bxc3 Rc8 21. Qd3 Qa4 22. c4 Bh6 23. Re1 e6 24. d5 exd5 25. cxd5 Qb5 26. Qxb5 axb5 27. Ne4 Rc2 28. Rb1 f5 29. Nd4 Rc4 30. Nxd6 Rxd4 31. Nxb7 Rxd5 32. Na5 Bf8 33. Ra1 Kf7 34. Nc6 Ke6 35. Nb4 Rd2 36. Re1+ Kd7 37. Rc1 Bd6 38. Kf1 Bxb4 39. axb4 Rb2 40. Rc5 Rxb4 41. Ke2 Rb2+ 42. Kf3 Kd6 43. Rc8 b4 44. g4 fxg4+ 45. hxg4 Rb3+ 46. Kf4 h6 47. Rh8 Rh3 48. Rb8 Kc5 49. Ke4 Kc4 50. Rc8+ Kb3 51. f4 Ka2 52. f5 gxf5+ 53. gxf5 b3 54. Ra8+ Kb1 55. f6 Rh1 56. f7 Rf1 57. f8Q Rxf8 58. Rxf8 Kc2 59. Rc8+ Kd2 60. Rb8 Kc2 1/2-1/2